Normal view
MARC view
- Levine, Louis
Entry Personal Name
001 - CONTROL NUMBER
- control field: 100104
003 - CONTROL NUMBER IDENTIFIER
- control field: NUST
005 - DATE AND TIME OF LATEST TRANSACTION
- control field: 20221013114438.0
008 - FIXED-LENGTH DATA ELEMENTS
- fixed length control field: 221013|| aca||aabn | a|a d
040 ## - CATALOGING SOURCE
- Original cataloging agency: NUST
- Transcribing agency: NUST
100 ## - HEADING--PERSONAL NAME
- Personal name: Levine, Louis
670 ## - SOURCE DATA FOUND
- Source citation: Work cat.: (NUST)184488: Levine, Louis,, Biology of the gene /, 1980.
